000 00585nam a2200205Ia 4500
005 20260601193247.0
008 260601s9999||||xx |||||||||||||| ||und||
020 _a978-3-031-48008-9
_qebk
100 _aZhiguo Shi
245 0 _aLoRa Localization
250 _a2024
260 _aHeidelberg, Germany
_bSpringer Nature
_c2024
440 _aSpringerBriefs in Computer Science
650 _aComputer Science
700 _aChaojie Gu
700 _aKang Hu
700 _aShibo He
856 _uhttps://link.springer.com/openurl?genre=book&isbn=978-3-031-48008-9
942 _cEB
_2ddc
999 _c56617
_d56617